000 006970000a22001210004500
100 1 _aMilován, Guillermo
245 1 0 _aLa iglesia y su compromiso con la verdad
300 _aVol.56, núm.251 (Septiembre-Octubre, 2001), Páginas 11-14
500 _aGuillermo Milován además de periodista, ecritor y predicador, es pastor y líder cristiano. Por treinta años fue secretario general de la Sociedad Bíblica de Uruguay.
520 _aEl compromiso de todo cristiano con la verdad seguirá siendo un compromiso irrenunciables hasta el días en que todos comparezcamos ante el tribunal de la verdad y todosestemos cara a cara con Jesucristo.
773 0 _tLa Biblia de las Américas
942 _cANA
999 _c60820
_d60820